First Word World Capitals Quiz Stats

Quiz Updated Apr 8, 2018

Challenge
Share
Tweet
Embed
Score 0/27 Timer 03:00
10 Plays Today
First Word % Correct
Mexico
97.5%
New
97.4%
Vatican
97%
Panama
96.6%
San
96.4%
Buenos
95.5%
San
95.3%
Cape
95.2%
Abu
95.2%
Kuwait
93.7%
Saint
93%
Guatemala
92.2%
Kuala
92%
La
90.5%
First Word % Correct
Saint
89.8%
San
88.6%
São
87.9%
Port
82.7%
Addis
80.7%
Santo
77.5%
Andorra
74.8%
Port
72.8%
Phnom
67.8%
Port
61.1%
Sri
53.2%
Port
48.1%
Bandar
36.7%

You're not logged in!

Compare scores with friends on all Sporcle quizzes.
Sign Up with Email
OR
Log In

You Might Also Like...

Show Comments

Extras

Top Quizzes Today


Score Distribution

Your Account Isn't Verified!

In order to create a playlist on Sporcle, you need to verify the email address you used during registration. Go to your Sporcle Settings to finish the process.

Report this User

Report this user for behavior that violates our Community Guidelines.

Details: